Statistics for Countries With The Tallest Buildings In Africa On A Map

Click here to take the quiz!

General Stats

  • This quiz has been taken 7 times
  • The average score is 6 of 16

Answers on the Map

Answers color-coded by a green-red scale on the quiz's map according to % correct below.
 

Answer Stats

Answer% Correct
Great Mosque of Algiers
80%
Britam Tower
60%
Carlton Centre Office Tower
60%
Nairobi Global Trade Centre Office Tower
60%
Lanko International Conference and Exhibition Tower D
40%
Marble Towers
40%
Necom House
40%
South African Reserve Bank Building
40%
Tanzania Ports Authority Headquarters
40%
Pearl Dawn
20%
Ponte City Apartments
20%
Portside
20%
PSPF Commercial Towers North
20%
PSPF Commercial Towers South
20%
The Leonardo
20%
UAP Tower
20%

Score Distribution

Percentile by Number Answered

Percent of People with Each Score

Your Score History

You have not taken this quiz